Statistiques concernant Avez-vous déjà vu ces films?

Cliquez ici pour prendre le quiz!

Statistiques générales

  • Ce quiz a été pris 2 217 fois
  • Le résultat moyen est 53 sur 150

Statistiques - réponses

FilmsOui ! (où pas)% Correct
Astérix & Obélix - Mission CléopâtreOui !
81%
Harry PotterOui !
78%
L'Age de GlaceOui !
77%
Le Roi LionOui !
75%
Le Monde de NemoOui !
74%
Toy StoryOui !
72%
E.T. l'extra-terrestreOui !
70%
Là-HautOui !
69%
Les IndestructiblesOui !
69%
Spider-ManOui !
69%
AvengersOui !
69%
Forrest GumpOui !
68%
Les VisiteursOui !
67%
Jurassic ParkOui !
67%
Brice de NiceOui !
66%
JumanjiOui !
65%
Iron ManOui !
63%
Le Seigneur des AnneauxOui !
61%
Men in BlackOui !
60%
Batman - The Dark KnightOui !
60%
Star WarsOui !
60%
Black PantherOui !
59%
La Guerre des BoutonsOui !
59%
Le Dîner de ConsOui !
58%
James BondOui !
58%
DragonsOui !
56%
ThorOui !
56%
InceptionOui !
55%
Le HobbitOui !
54%
La Planète des SingesOui !
54%
Les Mondes de RalphOui !
53%
MatrixOui !
52%
Fast & FuriousOui !
52%
Mission ImpossibleOui !
52%
Edward aux Mains d'ArgentOui !
52%
Fight ClubOui !
51%
Mary PoppinsOui !
51%
TransformersOui !
49%
Shutter IslandOui !
48%
Sherlock HolmesOui !
47%
Pulp FictionOui !
47%
X-Men Origins - WolverineOui !
46%
Je suis une LégendeOui !
46%
InsaisissablesOui !
45%
Ready Player OneOui !
44%
TerminatorOui !
44%
300Oui !
44%
Seul sur MarsOui !
43%
LéonOui !
43%
Ocean'sOui !
43%
KuzcoOui !
43%
Un Indien dans la VilleOui !
42%
28 Jours plus TardOui !
42%
Il faut sauver le Soldat RyanOui !
42%
Bienvenue à ZombielandOui !
42%
Tortues NinjaOui !
41%
Kill BillOui !
41%
GodzillaOui !
41%
SevenOui !
41%
TroieOui !
41%
GravityOui !
40%
Tempête de Boulettes GéantesOui !
40%
Die Hard - Piège de CristalOui !
40%
TakenOui !
39%
127 HeuresOui !
39%
Independence DayOui !
39%
Kick-AssOui !
38%
DuneOui !
38%
Les EvadésOui !
37%
Gran TorinoOui !
36%
I, RobotOui !
36%
L'Histoire sans FinOui !
36%
TurboOui !
35%
Le TransporteurOui !
34%
Le Jour d'AprèsOui !
34%
American History XOui !
34%
Million Dollar BabyOui !
33%
DaredevilOui !
33%
John WickOui !
32%
Space JamOui !
32%
ExpendablesOui !
31%
Into the WildOui !
31%
RangoOui !
30%
Pacific RimOui !
30%
Star TrekOui !
30%
La Mémoire dans la PeauOui !
28%
BattleshipOui !
26%
Shaun of the DeadOui !
25%
SnatchOui !
25%
Requiem for a DreamOui !
25%
Les Blues BrothersOui !
25%
Point BreakOui !
24%
Resident EvilOui !
24%
PaulOui !
23%
XXXOui !
23%
Hot FuzzOui !
22%
The IslandOui !
22%
La Ligue des Gentlemen ExtraordinairesOui !
22%
Le Pacte des LoupsOui !
21%
Real SteelOui !
21%
The PunisherOui !
21%
SignesOui !
20%
Course à la MortOui !
20%
TwisterOui !
19%
WaterworldOui !
19%
Mission to MarsOui !
19%
Numéro QuatreOui !
18%
Silent HillOui !
18%
UnderworldOui !
18%
Sept ViesOui !
18%
Scott PilgrimOui !
17%
La Légende de ManoloOui !
17%
How HighOui !
16%
MacheteOui !
16%
The RaidOui !
15%
Dark CrystalOui !
15%
Upside DownOui !
15%
Wayne's WorldOui !
15%
Zathura, une Aventure SpatialeOui !
15%
EquilibriumOui !
15%
Hyper TensionOui !
15%
Never Back DownOui !
14%
World Invasion : Battle Los AngelesOui !
14%
La RouteOui !
14%
Pitch BlackOui !
13%
Le Règne du FeuOui !
13%
Ong-BakOui !
13%
Los Angeles 2013Oui !
13%
DogpoundOui !
13%
ThirteenOui !
13%
GantzOui !
12%
Vertical LimitOui !
12%
Rock n' RollaOui !
12%
RollerballOui !
12%
Les Princes de la VilleOui !
12%
K-PaxOui !
11%
Le Pacte du SangOui !
11%
Le Prince du PacifiqueOui !
11%
The MarineOui !
11%
Tenacious D in the Pick of DestinyOui !
11%
TakersOui !
11%
Garage BabesOui !
11%
Le 9e EscadronOui !
10%
TidelandOui !
10%
Sin NombreOui !
10%
PandorumOui !
10%
SuckOui !
9%
RoadracersOui !
9%
Wassup RockersOui !
9%
MerantauOui !
9%

Distribution des résultats

Percentile par nombre de réponses

% des personnes avec chaque résultat

Votre développement - résultats

Vous n’avez pas pris ce quiz